000 00333nam a2200133 4500
005 20260530115306.0
100 1 _aM G Davies. J V
_931954
245 1 0 _aDesign in Metalwork
264 1 _bMills & Boon LTD
_c1974
300 _a85 páginas
336 _atexto
_2rdacontent
337 _asin medio
_2rdamedia
338 _avolumen
_2rdacarrier
999 _c13092
_d13092